LEADER 00965nam0-2200265 --450 001 9910208459203321 005 20170620101645.0 100 $a20170620d1996----kmuy0itay5050 ba 101 0 $aita 102 $aIT 105 $a 001yy 200 1 $aCasa, verso dove?$erapporto sul sistema abitativo regionale, 1995$fa cura di Alfredo Mazzacurati 210 $aRimini$cMaggioli$d1996 215 $a339 p., [8] c. di tav.$cill.$d25 cm 300 $aIn testa al frontespizio: Regione Emilia-Romagna, Direzione generale, Programmazione e pianificazione urbanistica, Assessorato programmi d'area. Qualità edilizia, Servizio qualità edilizia, Nomisma 610 0 $aEdilizia residenziale$aEmilia-Romagna 676 $a363.5$v20 702 1$aMazzacurati,$bAlfredo 801 0$aIT$bUNINA$gREICAT$2UNIMARC 901 $aBK 912 $a9910208459203321 952 $aINU B 1013$b1397$fFARBC 959 $aFARBC 996 $aCasa, verso dove$91466702 997 $aUNINA LEADER 01201nam 2200337 n 450 001 996391821003316 005 20230804230424.0 035 $a(CKB)1000000000674118 035 $a(EEBO)2240885987 035 $a(UnM)99856534 035 $a(EXLCZ)991000000000674118 100 $a19921013d1616 uy | 101 0 $aeng 135 $aurbn#|||a|bb| 200 04$aThe bread of life, or Foode of the regenerate$b[electronic resource] $eA sermon preached at Botterwike in Holland, neere Boston, in Lincolnshire. By Thomas Granger, preacher of Gods word there 210 $aLondon $cPrinted by T. S[nodham] for Thomas Pauier, and are to be sold at his shop in Yuie lane$d1616 215 $a[4], 1-31, 34-35 [1] p 300 $aPrinter's name from STC. 300 $aReproduction of the original in the British Library. 330 $aeebo-0018 606 $aSermons, English$y17th century 615 0$aSermons, English 700 $aGranger$b Thomas$f1578-$01373919 801 0$bCu-RivES 801 1$bCu-RivES 801 2$bCStRLIN 801 2$bWaOLN 906 $aBOOK 912 $a996391821003316 996 $aThe bread of life, or Foode of the regenerate$93406454 997 $aUNISA LEADER 03551nam 22006015 450 001 9911022458203321 005 20250831130220.0 010 $a981-9687-17-9 024 7 $a10.1007/978-981-96-8717-6 035 $a(CKB)40850820200041 035 $a(MiAaPQ)EBC32275532 035 $a(Au-PeEL)EBL32275532 035 $a(DE-He213)978-981-96-8717-6 035 $a(EXLCZ)9940850820200041 100 $a20250831d2025 u| 0 101 0 $aeng 135 $aur||||||||||| 181 $ctxt$2rdacontent 182 $cc$2rdamedia 183 $acr$2rdacarrier 200 10$aAnalytical Approach in Nonlinear Dispersive Media /$fby Emmanuel Kengne, Wu-Ming Liu 205 $a1st ed. 2025. 210 1$aSingapore :$cSpringer Nature Singapore :$cImprint: Springer,$d2025. 215 $a1 online resource (1154 pages) 225 1 $aSpringer Series in Solid-State Sciences,$x2197-4179 ;$v210 311 08$a981-9687-16-0 327 $a1. Modulational instability of one-component Bose-Einstein condensate -- 2. Matter-wave solitons of Bose-Einstein condensates in periodic potentials -- 3. Modulational instability and soliton interactions in Bose-Einstein condensates -- 4. Engineering localized waves in Gross-Pitaevskii equations with time-dependent trapping potentials -- 5. Baseband modulational instability and interacting localized mixed waves in nonlinear media. 330 $aThis book presents an analytical approach to treating several topics of current interest in the field of nonlinear partial differential equations and their applications to electrical and communications engineering, the physics of nonlinear dispersive media, as well as the nonlinear wave interactions. It treats analytically Ginzburg-Landau and wave equations such as higher-order nonlinear Schrodinger equations with/without dissipative terms, Gross-Pitaevskii equations with complicated potential terms, and cubic-quintic Ginzburg-Landau equations. For solving analytically various problems of mathematical physics in nonlinear dispersive media, the book explanatorily and carefully applies several powerful methods drawn from recent leading research articles. Special attentions are paid to the modulational instability phenomenon and baseband modulational instability phenomenon in nonlinear dispersive media. The theoretical results of this book are supplemented by numerical calculations and graphical illustrations. This book is intended for scientific researchers working in the field of nonlinear waves; it will be particularly useful for applied mathematicians, theoretical physicists, as well as electrical and communications engineers. 410 0$aSpringer Series in Solid-State Sciences,$x2197-4179 ;$v210 606 $aMathematical physics 606 $aCondensed matter 606 $aNonlinear optics 606 $aMathematical Methods in Physics 606 $aCondensed Matter Physics 606 $aMathematical Physics 606 $aNonlinear Optics 615 0$aMathematical physics. 615 0$aCondensed matter. 615 0$aNonlinear optics. 615 14$aMathematical Methods in Physics. 615 24$aCondensed Matter Physics. 615 24$aMathematical Physics. 615 24$aNonlinear Optics. 676 $a530.15 700 $aKengne$b Emmanuel$0839016 701 $aLiu$b Wu-Ming$0839015 801 0$bMiAaPQ 801 1$bMiAaPQ 801 2$bMiAaPQ 906 $aBOOK 912 $a9911022458203321 996 $aAnalytical Approach in Nonlinear Dispersive Media$94431505 997 $aUNINA